000 00285nam a22001337a 4500
008 170930b xxu||||| |||| 00| 0 eng d
020 _a9780395904299
041 _aeng
080 _a37
100 _a47
101 _aEDU
245 _aREADING MATTERS
_cWHULEY, M.L
942 _2udc
_cBK
999 _c31008
_d31008